Statystyki dla Retro quiz transferowy!

Kliknij tutaj aby rozwiązać quiz!

Ogólne statystyki

  • Ten quiz został rozwiązany 47 razy
  • Średni wynik to 9 z 20

Statystyki odpowiedzi

PiłkarzNastępny klub w którym grał% Poprawnych
Petr Cech (Chelsea)Arsenal
78%
Sol Campbell (Tottenham)Arsenal
78%
Ronaldo Nazario (PSV)Barcelona
72%
David Beckham (Man United)Real Madryt
67%
Claude Makelele (Real Madryt)Chelsea
61%
Thierry Henry (Monaco)Juventus
59%
Christian Vieri (Lazio)Inter
57%
Victor Valdes (Barcelona)Manchester United
54%
Roberto Baggio (Juventus)Milan
54%
Nicolas Anelka (Real Madryt)PSG
48%
Michael Owen (Real Madryt)Newcastle
39%
Jens Lehmann (Milan)Borussia dortmund
35%
Samuel Etoo (Chelsea)Everton
35%
Luca Toni (Palermo)Fiorentina
35%
Didier Drogba (Guingamp)OM
35%
Diego Maradona (Napoli)Sevilla
35%
Eric Cantona (Nimes)Leeds
30%
Bergkamp (Ajax)Inter
26%
Robert Pires (Arsenal)Villareal
24%
Romario (Flamengo)Valencia
7%

Rozkład punktacji

Percentyl według liczby udzielonych odpowiedzi

Procent ludzi z każdym wynikiem

Twoja historia wyników

Nie rozwiązałeś tego quizu